| 000 | 00906cab a2200277 4500 | ||
|---|---|---|---|
| 001 | ABS49412 | ||
| 008 | 090401t1993 xxu||||| |||| 00| 0 eng d | ||
| 035 | _a(Sirsi) u71136 | ||
| 041 | _aeng | ||
| 100 | _aLangford, D. | ||
| 245 | _aPrediction of solvency in construction companies | ||
| 260 | _c1993 | ||
| 350 | _a0 | ||
| 490 |
_aConstruction Management & Economics _v11 1993, 317-325(9) |
||
| 520 | _aReviews two methods for testing the financial security of construction companies, the ration analysis technique and the Z model. It applies these methods to three companies which have failed in the last five years. | ||
| 650 | _aCASE STUDIES | ||
| 650 | _aFINANCIAL PERFORMANCE | ||
| 650 |
_aInsolvency _96247 |
||
| 650 | _aRATIO ANALYSIS | ||
| 650 | _aZ MODEL | ||
| 690 | _aBUILT ENVIRONMENT | ||
| 700 | _aIyagba, R. | ||
| 700 | _aKomba, D.M. | ||
| 942 | _n0 | ||
| 948 | _c04/03/1997 | ||
| 999 |
_c44810 _d44810 |
||